Inovácia predmetu Manažment času v študijnom odbore Ekonomika a manažment podniku
Uložené v:
| Hlavný autor: | |
|---|---|
| Médium: | Kapitola |
| Jazyk: | English |
| Predmet: | |
| Tagy: |
Žiadne tagy, Buďte prvý, kto otaguje tento záznam!
|
MARC
| LEADER | 00000nla a2200000 4500 | ||
|---|---|---|---|
| 001 | 0181749 | ||
| 005 | 20240502073122.4 | ||
| 041 | 0 | |a eng | |
| 044 | |a SK | ||
| 245 | 1 | 0 | |a Inovácia predmetu Manažment času v študijnom odbore Ekonomika a manažment podniku |c Cecília Olexová |
| 500 | |a Abstrakt | ||
| 610 | 2 | 0 | |a univerzity |
| 610 | 2 | 0 | |a predmety učebné |
| 610 | 2 | 0 | |a vyučovanie |
| 610 | 2 | 0 | |a manažment času |
| 100 | 1 | |a Olexová, Cecília, 1976- | |